|
|
|
|
| LEADER |
00764nam a22002172a 4500 |
| 001 |
001750667 |
| 003 |
CZ BrMZK |
| 005 |
20200626130122.0 |
| 007 |
ta |
| 008 |
200526s1962 xo er|||||||||||slo d |
| 040 |
|
|
|a BOA001
|b cze
|e aacr2
|
| 245 |
0 |
0 |
|a Ľudová univerzita na pomoc technickému rozvoju v priemysle :
|b zo skúsenosti ĽU v Žiline /
|c B. Bednárik ... [et al.]
|
| 260 |
|
|
|a Bratislava :
|b Osvetový ústav,
|c 1962
|
| 300 |
|
|
|a 42 s.
|
| 490 |
1 |
|
|a Výchova a vzdelávanie pracujúcich
|
| 700 |
1 |
|
|a Bednárik, Bernard
|7 mzk2003175394
|4 aut
|
| 830 |
|
0 |
|a Výchova a vzdelávanie pracujúcich
|
| 910 |
|
|
|a BOA001
|b X2-0496.905
|
| 990 |
|
|
|a BK
|
| 991 |
|
|
|b 202005
|
| 996 |
7 |
|
|b 2618863098
|c X2-0496.905
|l MZK
|r Sklad / do 24 hodin
|n 0
|w 001803083
|u 000010
|a 1
|e BOA001
|j MZK50
|s A
|